[Event "ROM-ch"]
[Site "Eforie Nord"]
[Date "2009.02.02"]
[Round "2"]
[White "Mitrica, Octavian"]
[Black "Gilea, Lucian"]
[Result "1/2-1/2"]
[WhiteElo "2048"]
[BlackElo "2279"]
[PlyCount "135"]
[EventDate "2009.01.31"]
[EventType "swiss"]
[EventRounds "9"]
[EventCountry "ROU"]
[SourceTitle "CBM 130 Extra"]
[Source "ChessBase"]
[SourceDate "2009.07.02"]
[SourceVersion "2"]
[SourceVersionDate "2009.07.15"]
[SourceQuality "1"]

1. Nf3 c6 2. e4 g6 3. Bc4 d5 4. exd5 cxd5 5. Bb5+ Bd7 6. Bxd7+ Nxd7 7. d4 Bg7 8. 0-0 Ngf6 9. Nc3 0-0 10. Re1 e6 11. b3 Qa5 12. Bd2 Rfc8 13. Ne4 Qc7 14. Nxf6+ Nxf6 15. Rc1 b5 16. c4 bxc4 17. bxc4 dxc4 18. Ne5 Qd6 19. Nxc4 Qxd4 20. Be3 Qh4 21. Nd2 a6 22. h3 Nd5 23. Rxc8+ Rxc8 24. Nf3 Qc4 25. Qb3 Qxb3 26. axb3 Rc3 27. Rc1 Nxe3 28. Rxc3 Bxc3 29. fxe3 Kf8 30. Kf2 Ke7 31. Ke2 f5 32. Kd3 Bf6 33. e4 fxe4+ 34. Kxe4 Kd6 35. Ne1 Kc5 36. Nd3+ Kb5 37. g4 a5 38. Kf4 Bd4 39. Ke4 Bc3 40. Kf4 Kc6 41. Ke4 Kd6 42. Nf4 Ke7 43. Kd3 Be5 44. Ne2 Kd6 45. Ke4 Bb2 46. Nf4 Ke7 47. Nd3 Bc3 48. Nf4 Bd2 49. Nd3 Kf6 50. Ne5 Bc3 51. Nf3 Bb4 52. Kf4 Bd6+ 53. Ke4 h5 54. gxh5 gxh5 55. Nd2 Bc7 56. Nf3 Bg3 57. Nd4 e5 58. Nc6 Kg5 59. Nxa5 Kh4 60. b4 Be1 61. Nc6 Kxh3 62. b5 Bf2 63. Nxe5 Kg3 64. Ng6 Ba7 65. Kf5 Be3 66. b6 Bxb6 67. Kg5 h4 68. Nxh4 1/2-1/2

[Event "Deva tt"]
[Site "Deva"]
[Date "1999.??.??"]
[Round "?"]
[White "Conea, Adrian Ovidiu"]
[Black "Mitrica, Octavian"]
[Result "1/2-1/2"]
[WhiteElo "2175"]
[BlackElo "1845"]
[PlyCount "69"]
[EventDate "1999.07.??"]
[EventType "team-tourn"]
[EventRounds "9"]
[EventCountry "ROU"]
[SourceTitle "EXT 2004"]
[Source "ChessBase"]
[SourceDate "2003.11.25"]
[SourceVersion "1"]
[SourceVersionDate "2003.11.25"]
[SourceQuality "1"]

1. d4 Nf6 2. c4 g6 3. Nc3 d5 4. Qb3 c6 5. Bf4 Bg7 6. e3 0-0 7. Nf3 e6 8. Bd3 Re8 9. 0-0 Nbd7 10. Rfd1 h6 11. h3 g5 12. Bh2 dxc4 13. Bxc4 Qa5 14. Ne5 Nxe5 15. Bxe5 Qb6 16. Qxb6 axb6 17. Bb3 Nd7 18. Bxg7 Kxg7 19. Ne4 Nf6 20. Nd6 Rd8 21. Nc4 b5 22. Ne5 Bd7 23. Rac1 Be8 24. f3 Nd7 25. Nxd7 Rxd7 26. g3 Rd6 27. h4 f6 28. hxg5 hxg5 29. f4 Bg6 30. fxg5 fxg5 31. Rc5 Kh6 32. Re5 Bf5 33. Rc5 Kg6 34. a3 Rh8 35. Bc2 1/2-1/2

[Event "Deva tt"]
[Site "Deva"]
[Date "1999.??.??"]
[Round "?"]
[White "Lucaci, Marius"]
[Black "Mitrica, Octavian"]
[Result "1-0"]
[WhiteElo "2055"]
[BlackElo "1845"]
[PlyCount "79"]
[EventDate "1999.07.??"]
[EventType "team-tourn"]
[EventRounds "9"]
[EventCountry "ROU"]
[SourceTitle "EXT 2004"]
[Source "ChessBase"]
[SourceDate "2003.11.25"]
[SourceVersion "1"]
[SourceVersionDate "2003.11.25"]
[SourceQuality "1"]

1. e4 d6 2. d4 Nf6 3. Bd3 Nbd7 4. f4 e5 5. c3 c6 6. Nf3 Qc7 7. 0-0 g6 8. fxe5 dxe5 9. Bg5 Bg7 10. Nbd2 0-0 11. Nc4 exd4 12. cxd4 b5 13. Ne3 a6 14. Rc1 Qb6 15. Kh1 Bb7 16. e5 Nd5 17. Nxd5 cxd5 18. Be7 Rfe8 19. Bd6 Rac8 20. Qd2 Nf8 21. Rxc8 Bxc8 22. Ng5 Qxd4 23. Rf4 Qb6 24. Nxf7 Ne6 25. Rf1 Qd4 26. b4 Bd7 27. Qd1 Rc8 28. Qf3 Be8 29. Bc5 Nxc5 30. bxc5 Rc7 31. Nd6 Bc6 32. e6 Qxc5 33. Qf4 Qd4 34. Qg5 Bf8 35. Qd8 Qg7 36. Rxf8+ Qxf8 37. Qxc7 Qf2 38. Qf7+ Qxf7 39. Nxf7 d4 40. Nd8 1-0

[Event "Deva tt"]
[Site "Deva"]
[Date "1999.??.??"]
[Round "?"]
[White "Pop, Valer"]
[Black "Mitrica, Octavian"]
[Result "1/2-1/2"]
[WhiteElo "2075"]
[BlackElo "1845"]
[PlyCount "95"]
[EventDate "1999.07.??"]
[EventType "team-tourn"]
[EventRounds "9"]
[EventCountry "ROU"]
[SourceTitle "EXT 2004"]
[Source "ChessBase"]
[SourceDate "2003.11.25"]
[SourceVersion "1"]
[SourceVersionDate "2003.11.25"]
[SourceQuality "1"]

1. d4 Nf6 2. c4 g6 3. Nc3 d5 4. cxd5 Nxd5 5. e4 Nxc3 6. bxc3 Bg7 7. Bc4 0-0 8. Ne2 c5 9. 0-0 cxd4 10. cxd4 Nc6 11. Be3 Na5 12. Bd3 b6 13. Qd2 Bg4 14. f3 Bd7 15. Rfc1 Rc8 16. g4 e6 17. Kg2 Rxc1 18. Rxc1 Nc6 19. h4 Qe7 20. h5 Qb4 21. Qxb4 Nxb4 22. Bb1 Rc8 23. Rxc8+ Bxc8 24. hxg6 hxg6 25. a3 Nc6 26. Bd3 Kf8 27. Bb5 Nd8 28. Bd2 Bf6 29. d5 a6 30. Bc4 b5 31. Ba2 exd5 32. exd5 Be7 33. Bc1 Ke8 34. Nc3 Nb7 35. Ne4 Nd6 36. Nxd6+ Bxd6 37. Kf2 a5 38. Ke3 Ba6 39. Ke4 Ke7 40. Bb2 f6 41. Bb1 b4 42. a4 Bc8 43. Ke3 Bd7 44. Bc2 Bc5+ 45. Kd3 g5 46. Kc4 Be3 47. Bd4 Bxd4 48. Kxd4 1/2-1/2